000 01232nam a2200229Ia 4500
001 L189-1724
003 IT-CnALBA
008 170116s9999||||xx |||||||||||||| ||und||
040 _aIT-CnALBA
_cIT-CnALBA
041 _aITALIANO
100 _aCONTRI SIRO
245 0 _aPROBLEMA DELLA VERITÀ IN S. TOMMASO D'AQUINO. PASSI SCELTI.
250 _a1a ed.
260 _a TO BO CT PA
_bSOCIETÀ ED. INTER.
_c1929 [1° Ed.:1929 - Ed.Ling.Originale: 1929]
300 _a252 p.
500 _aCURATORE CONTRI SIRO. INTRODUZIONE. BRANI SCELTI DAL "DE VERITA'TE". INTERPRETAZIONE. CONOSCENZA DELLE COSE. CONOSCENZA INTELLETTIVA. GIUDIZIO. INQUADRAMENTO STORICO. ASTRAZIONE. FILOSOFIA SCOLASTICA. FILOSOFIA MODERNA. PROBLEMA DELLA VERITÀ. GRECI. S. AG
501 _aSocietà San Paolo EM - Piazza San Paolo, 14 - 12051 ALBA (CN) (non commercial uses only) ® Copyright 2017
520 _aCURATORE CONTRI SIRO. INTRODUZIONE. BRANI SCELTI DAL "DE VERITA'TE". INTERPRETAZIONE. CONOSCENZA DELLE COSE. CONOSCENZA INTELLETTIVA. GIUDIZIO. INQUADRAMENTO STORICO. ASTRAZIONE. FILOSOFIA SCOLASTICA. FILOSOFIA MODERNA. PROBLEMA DELLA VERITÀ. GRECI. S. AG
650 _aFILOSOFIA MEDIOEVALE OCCIDENTALE
942 _cBK
957 _71
999 _a2710
_bSI
_g Copie: 1
_c260947
_d260947